| 000 | 02396cam a2200433 i 4500 | ||
|---|---|---|---|
| 001 | 21946696 | ||
| 003 | OSt | ||
| 005 | 20230921122910.0 | ||
| 008 | 210307s2021 nyu b 001 0 eng | ||
| 010 | _a 2021006831 | ||
| 020 |
_a9781438484891 _q(hardcover) |
||
| 020 | _a9788178246567 | ||
| 020 |
_z9781438484907 _q(ebook) |
||
| 040 |
_aLBSOR/DLC _beng _erda _cDLC _dDLC |
||
| 042 | _apcc | ||
| 043 | _aa-ii--- | ||
| 050 | 0 | 0 |
_aBP188.8.I4 _bA76 2021 |
| 082 | 0 | 0 |
_a297.4 _bALA/M |
| 100 |
_aAlam, Muzaffar _d1947- _eauthor. _92385 |
||
| 245 | 1 | 4 |
_aThe Mughals and the Sufis : _bIslam and political imagination in India, 1500-1750 / _cMuzaffar Alam. |
| 264 | 1 |
_aAlbany : _bState University of New York Press, _c[2021] |
|
| 300 |
_axiii, 454 pages ; _c24 cm |
||
| 336 |
_atext _btxt _2rdacontent |
||
| 337 |
_aunmediated _bn _2rdamedia |
||
| 338 |
_avolume _bnc _2rdacarrier |
||
| 500 | _a"First published by Permanent Black D-28." | ||
| 504 | _aIncludes bibliographical references (pages 397-430) and index. | ||
| 505 | 0 | _aIntroduction: A long view of Sufism and political culture in India -- The Mughals, the Sufi Shaikhs, and the formation of the Akbari dispensation -- A Sufi critique of religious law, tasawwuf, and politics in Mughal India -- Shah Madar, Sufi religion, and a view of "true Islam" in a Mughal Chishti Tazkira -- Strategy and imagination in a Mughal Sufi story of creation -- In search of a sacred king : Dara Shukoh and the Yogavasisthas of Mughal India -- Piety, poetry, and the contested loyalties of Mughal princesses, c. 1635-1700 -- The Naqshbandi Shaikhs of Sirhind in Aurangzeb's empire and its aftermath. | |
| 520 |
_a"Examines the relationship between Mughal political culture and the two dominant strains of Islam's Sufi traditions in South Asia: one centred around orthodoxy, the other focusing on a more accommodating and mystical spirituality"-- _cProvided by publisher. |
||
| 650 | 0 |
_aSufism _zIndia _xHistory. |
|
| 650 | 0 |
_aIslam and politics _zIndia. |
|
| 650 | 0 |
_aIslam and state _zIndia. |
|
| 651 | 0 |
_aMogul Empire _xReligion. |
|
| 651 | 0 |
_aMogul Empire _xPolitics and government. |
|
| 651 | 0 |
_aIndia _xPolitics and government _y997-1765. |
|
| 906 |
_a7 _bcbc _corignew _d1 _eecip _f20 _gy-gencatlg |
||
| 942 |
_2ddc _cBK _h297.4 _iALA/M _k297.4 _mALA/M |
||
| 999 |
_c42238 _d42238 |
||